Bài tập lò hơi

Sách gồm các bài tập về nhiên liệu và vấn đề đốt nhiên liệu trong các lò hơi, các quá trình lý hóa xảy ra trong lò hơi, quá trình truyền nhiệt, thuỷ động, khí động, sinh hơi và chế độ nước, đặc điểm cấu tạo và nguyên lý làm việc, vạ...

Disgrifiad llawn

Wedi'i Gadw mewn:
Manylion Llyfryddiaeth
Prif Awdur: Đỗ, Văn Thắng
Fformat: Llyfr
Iaith:Undetermined
Cyhoeddwyd: Hà Nội Khoa học và Kỹ thuật 2008
Pynciau:
Tagiau: Ychwanegu Tag
Dim Tagiau, Byddwch y cyntaf i dagio'r cofnod hwn!
Thư viện lưu trữ: Trung tâm Học liệu Trường Đại học Cần Thơ
LEADER 01255nam a2200229Ia 4500
001 CTU_140628
008 210402s9999 xx 000 0 und d
020 |c 61000 
082 |a 621.402076 
082 |b Th116 
100 |a Đỗ, Văn Thắng 
245 0 |a Bài tập lò hơi 
245 0 |c Đỗ Văn Thắng, Trương Ngọc Tuấn 
260 |a Hà Nội 
260 |b Khoa học và Kỹ thuật 
260 |c 2008 
520 |a Sách gồm các bài tập về nhiên liệu và vấn đề đốt nhiên liệu trong các lò hơi, các quá trình lý hóa xảy ra trong lò hơi, quá trình truyền nhiệt, thuỷ động, khí động, sinh hơi và chế độ nước, đặc điểm cấu tạo và nguyên lý làm việc, vật lý chế tạo và tính sức bền, các trang bị phụ, vấn đề vận hành lò hơi. 
526 |a Kỹ thuật lò hơi 
526 |b CN445 
650 |a Heating engineering,Heating equipment industry,Kỹ nghệ truyền nhiệt,Kỹ nghệ thiết bị truyền nhiệt 
904 |i Trọng Hải 
980 |a Trung tâm Học liệu Trường Đại học Cần Thơ